000
00302nam a2200109Ia 4500
008
220216s9999 xx 000 0 und d
100
_a
Lohse David J
245
0
_a
Butyl nanocomposites with reduced air permeability: Theory and practice
260
_b
Rubber World
_c
2009
300
_a
36-38
942
_c
JS
999
_c
55027
_d
55027